V národnej poisťovni sa poistil štát.

Minister zdravotníctva SR o postupnom realizovaní systémových krokov vedúcich k transparentnosti ekonomickej situácie zdravotníctva (Národná poisťovňa, cenník výkonov, bodovací systém, od 1.6.1993 poisťovňa oddelená od štátneho rozpočtu, privatizácia, jej financovanie prostredníctvom poisťovne, aleb...

Ausführliche Beschreibung

Gespeichert in:
Bibliographische Detailangaben
1. Verfasser: Soboňa, V.
Weitere Verfasser: Brunovský, O.
Format: Buchkapitel
Sprache:Slowakisch
Schlagworte:
Tags: Tag hinzufügen
Keine Tags, Fügen Sie das erste Tag hinzu!

MARC

LEADER 00000naa a2200000 4500
001 r012412
005 20220826095024.0
041 0 |a slo 
044 |a SK 
245 1 0 |a V národnej poisťovni sa poistil štát.  |c V. Soboňa, O. Brunovský 
520 |a Minister zdravotníctva SR o postupnom realizovaní systémových krokov vedúcich k transparentnosti ekonomickej situácie zdravotníctva (Národná poisťovňa, cenník výkonov, bodovací systém, od 1.6.1993 poisťovňa oddelená od štátneho rozpočtu, privatizácia, jej financovanie prostredníctvom poisťovne, alebo zdravotníckej banky s účasťou zahraničného kapitálu a štátom garantované úvery). 
610 2 0 |a zdravotníctvo 
610 2 0 |a Národná poisťovňa Bratislava 
610 2 0 |a poistenie 
610 2 0 |a poistenie sociálne 
610 2 0 |a rozpočet štátny 
610 2 0 |a Slovensko 
610 2 0 |a privatizácia 
610 2 0 |a kapitál zahraničný 
100 1 |a Soboňa, V. 
700 1 |a Brunovský, O.